000 00767nam a22002177a 4500
008 130821s1991 xxua gr eng
020 _a0134022564
040 _aCo-BoUCM
_bspa
041 0 0 _aeng
100 1 _aHopkins, Tom.
245 1 0 _aHow to master the art of listing and selling real estate
_cTom Hopkins.
260 _aEnglewood Cliffs (Nueva Jersey, Estados Unidos)
_bPrentice Hall
_cc1991
300 _axiv, 402 páginas
_bilustraciones
500 _aIncluye índice.
650 0 4 _aBienes raíces
_xAdministración
_910074
650 0 4 _aDesarrollo de bienes raíces
_912936
650 0 4 _aEconomía
_9174
650 0 4 _aInversiones en bienes raíces
_917955
942 _cLIBRO
_a7
_e1
_mH793h
_2DEWEY
_h333.330688
999 _c88248
_d88248